|
|
|
|
| LEADER |
00599cam a2200181 a 4500 |
| 020 |
|
|
|a 076194284X
|
| 020 |
|
|
|a 0761942858 (pbk)
|
| 082 |
0 |
0 |
|a 306.4
|b SHI/B
|
| 100 |
1 |
|
|a Shilling, Chris.
|
| 245 |
1 |
4 |
|a The body and social theory /
|
| 250 |
|
|
|a 2nd ed.
|
| 260 |
|
|
|a London ;
|a Thousand Oaks, Calif. :
|b SAGE Publications,
|c 2003.
|
| 300 |
|
|
|a x, 238 p. ;
|
| 490 |
1 |
|
|a Theory, culture & society
|
| 650 |
|
0 |
|a Human body
|v culture
|
| 942 |
|
|
|c BK
|
| 999 |
|
|
|c 94912
|d 94912
|
| 952 |
|
|
|0 0
|1 0
|4 0
|6 306_400000000000000_SHI_B
|7 0
|9 87563
|a SSS
|b SSS
|c GEN
|d 2011-07-27
|g 1789.11
|l 0
|o 306.4 SHI/B
|p SSS03970
|r 2011-07-27
|w 2011-07-27
|y BK
|